00948cam a22002411 4500001001300000003000400013005001700017008004100034010001700075035001900092040004800111042001200159050002200171110003800193245011100231260006200342300003100404500003600435500014300471610003800614700003700652999001700689e 40000408 DLC20260227111228.0790917r1939uuuunyua 000 0 eng c ae 40000408  a(OCoLC)5382408 aU.S. Off. of Educ. LibrarycOCldOCoLCdDLC apremarc00aHF5381b.N34 19392 aNational Occupational Conference.14aThe record of accomplishment;bfinal report of the director,cNational occupational conference. 1933-1939. aNew York, N.Y.,bNational occupational conferencec[1939] a18, [2] p.billus.c26 cm. aSigned: Edwin A. Lee, director. a"Reprinted, with additions as of September 30, 1939, from Occupations, the vocational guidance magazine, June, 1939, pp. 773-785."--p. [5]20aNational Occupational Conference.1 aLee, Edwin Augustus,d1888-1966. c21717d21717